| 000 | 00627nam a2200229Ia 4500 | ||
|---|---|---|---|
| 003 | OSt | ||
| 005 | 20220924124735.0 | ||
| 006 | a|||||r|||| 00| 0 | ||
| 007 | ta | ||
| 008 | 220923b |||||||| |||| 00| 0 urd d | ||
| 024 | _a263522 | ||
| 037 | _cTextual | ||
| 040 |
_aARTS _cARTS _burd |
||
| 041 |
_2urd _aurd |
||
| 082 | _aO168,1C61:g, L8 | ||
| 100 |
_aFarooqi Shamsurrehman Tr. _9196853 |
||
| 245 | 0 | _aShariyat | |
| 260 |
_aNew Delhi _b Taraqqi Urdu India _c1978 |
||
| 650 | _aURDU LITERATURE | ||
| 942 |
_hO168,1C61:g, L8 _cTEXL _2CC |
||
| 999 |
_c420779 _d420779 |
||